Serán hijos todos: la legitimidad e ilegitimidad de los hijos

Se analizan las decisiones, debates políticos y argumentos que subyacían en el proceso legislativo que condujo a la ley sobre hijos legítimos en Argentina en el año 1954. Se revisan los puntos de vista de quienes apoyaron la ley como de los que se opusieron. En el primer apartado se describen los an...

Descrizione completa

Salvato in:
Dettagli Bibliografici
Natura: Libro
Lingua:Spanish
Soggetti:
Tags: Aggiungi Tag
Nessun Tag, puoi essere il primo ad aggiungerne!!

MARC

LEADER 00000nam a22000007a 4500
003 cru CIDCACS/IIS
005 20200925161132.0
007 ta
008 161102b2014 mx ||||| |||| 00| 0 spa d
999 |c 18675  |d 18675 
040 |c CRAI/IIS  |a CRAI/IIS 
245 0 0 |a Serán hijos todos:  |b la legitimidad e ilegitimidad de los hijos 
300 |a páginas 111-138 
520 |a Se analizan las decisiones, debates políticos y argumentos que subyacían en el proceso legislativo que condujo a la ley sobre hijos legítimos en Argentina en el año 1954. Se revisan los puntos de vista de quienes apoyaron la ley como de los que se opusieron. En el primer apartado se describen los antecedentes nacionales e internacionales relativos a la temática de los hijos ilegítimos, seguido se analiza el contexto político del peronismo en el año 1954 y finalmente se exponen las críticas y argumentos a favor de la ley.  
650 0 |9 4734  |a ESTRUCTURA DE LA FAMILIA 
650 1 0 |9 967  |a HIJOS 
650 1 0 |9 1019  |a PATERNIDAD 
650 1 0 |9 3753  |a PODER LEGISLATIVO  
650 1 0 |9 1024  |a PERONISMO 
651 0 |9 3346  |a ARGENTINA 
773 0 |0 18671  |9 90  |a Valle de Bethencourt, Paula  |d México : FLACSO, 2014  |o 17467  |t La cuestión femenina en el peronismo:  |z 9786079275457 
942 |2 ddc  |c LI